000 02233nam0a2200361 4500
001 RU\NLR\b_ik\94803
005 20250616224843.0
035 _a(NLR Aleph) 002168793
090 _a2625855
_c2625855
100 _a20030218d2002 |||y0rusy50 ca
101 0 _aeng
_drus
102 _aRU
105 _aa |||||||||
200 1 _aTheoretically predicted and empirically observed dependences of the terrestrial greenhouse effect on temperature: implications for climate stability
_fV.G. Gorshkov, A.M. Makarieva
210 _aGatchina
_cPNPI
_d2002
215 _a34 с.
_cграф.
_d20
225 1 _aPreprint
_fRuss. acad. of sciences, Petersburg nuclear physics inst.
_v2460
300 _aНа обороте тит. л.: Теоретически предсказываемые и эмпирически наблюдаемые зависимости глобального парникового эффекта от температуры и их влияние на устойчивость климата / Горшков В.Г., Макарьева А.М.
300 _aНа обл. надзаг. на рус. яз.
300 _aРез. на рус. яз.
320 _aБиблиогр.: с. 33-34
517 0 _aТеоретически предсказываемые и эмпирически наблюдаемые зависимости глобального парникового эффекта от температуры и их влияние на устойчивость климата
541 0 _aТеоретически предсказываемые и эмпирически наблюдаемые зависимости глобального парникового эффекта от температуры и их влияние на устойчивость климата.
_zrus
606 0 _aАтмосфера
_xПарниковый эффект
_91040494
_3RU\NLR\AUTH\6682660
606 0 _aКлимат
_xПотепление
_91142085
_3RU\NLR\AUTH\66136255
686 4 _aД234.122
686 4 _aД247.67
700 1 _aGorškov
_bV. G.
_f1935-
_gViktor Georgievič
_4070
701 1 _aMakar'eva
_bA. M.
_4070
801 0 _aRU
_bNLR
_c20030218
_gPSBO
942 _cBOOK
980 _aNB